000
00258nam a22000977a 4500
008
170120b xxu||||| |||| 00| 0 eng d
041
_a
eng
080
_2
7TH
_a
618.2
245
_a
LEADERSHIP ROLES AND MANAGEMET FUNCTIONS IN NUSING
_c
MARQUIS, B.L
942
_2
udc
_c
BK
999
_c
3272
_d
3272